000 00974cam a22003017a 4500
001 2193
003 FISKH
005 20231108160511.0
008 070601s2002 ||| 000 0 eng
010 _a 2007367588
020 _a033500986369
040 _aDLC
_cDLC
_beng
050 0 0 _aMLCS 2008/43288 (P)
082 _a398.2
100 1 _aAndersen, Hans Christian
245 1 4 _aThe ugly duckling /
_cBy Hans Christian Andersen ; illustrated by Lisa Mccue
260 _aRacine :
_bWestern,
_c1995.
300 _a24 unnumbered pages :
_bcolor illustrations ;
_c21 cm
490 _aA little golden book
505 _aF
520 _aAn ugly duckling spends an unhappy year ostracized by other animals before he grows into a beautiful swan.
521 8 _a310
_bLexile
521 8 _aF
_bRaz-Plus
650 _aSwan
_vJuvenile literature
700 _aMccue, Lisa
_eillustrator
906 _a7
_bcbc
_corignew
_d4
_encip
_f20
_gy-gencatlg
942 _2ddc
_cBK
_n0
999 _c2193
_d2193